00520cam a22000977a 4500008004000000082001600040245020000056260007500256300001000331700008100341180718b1960 xxu||||| |||| 00| 0 eng d aZ41x54 In2g aReport of the German agricultural delegation to India on cooperatice farming, farm machinery, fertilizer, land consolidacby Ministry of Food and Agriculture and Ministry of Community Development aDelhibMinistry of Food and Agriculture and Ministry of Communitc1960 a85+p. aIndia.Ministry of Food and Agriculture and Ministry of Community Development